| 000 | 00470nam a2200193Ia 4500 | ||
|---|---|---|---|
| 008 | 210210b2005 xxu||||| |||| 00| 0 eng d | ||
| 020 | _a9788129106582 | ||
| 041 | _aeng | ||
| 082 | _a823.33 SHAO | ||
| 100 | _aSHAKESPEARE (William) | ||
| 245 | _aOthello:the moor of venice | ||
| 260 |
_aNew Delhi _bRupa Publications India _c2005 |
||
| 300 | _a145 | ||
| 650 | _avenice | ||
| 650 | _aOthello:the | ||
| 650 | _amoor | ||
| 690 | _aEnglish Drama | ||
| 906 | _a074052 | ||
| 999 |
_c123877 _d123877 |
||